| 000 | 01145nam a2200193Ia 4500 | ||
|---|---|---|---|
| 999 |
_c8873 _d8873 |
||
| 005 | 20230813112000.0 | ||
| 008 | 230809s9999 xx 000 0 und d | ||
| 020 | _a978-607-32-4017-8 | ||
| 040 |
_aUPAN _cBiblioteca San Vicente _eRCAA2 |
||
| 041 | _aspa | ||
| 082 |
_a657.32 _bC157a _c2017 |
||
| 100 |
_aCalleja, Francisco Javier _4aut. |
||
| 245 | 0 |
_aAnálisis de estados financieros/ _cFrancisco Javier Calleja, Felipe Calleja |
|
| 260 |
_aMéxico: _bPearson, _c2017 |
||
| 300 |
_a140 p.; _c26 cm. |
||
| 505 | _aCap. 1 Los estados financieros básicos Cap. 2 El análisis financiero Cap. 3 Estados comparativos y conversión a po9rcentajes de los estados financieros Cap. 4 Razones financieras simples: solvencia y liquidez Cap. 5 Razones financieras simples: actividad Cap. 6 Razones financieras simples: rentabilidad Cap. 7 Razones financieras simples: apalancamiento Cap. 8 Razones financieras simples: cobertura Cap. 9 Razones financieras simples: mercado Cap. 10 Razones financieras estándar, tendencias y razones financieras combinadas Cap. 11 Análisis técnico | ||
| 650 |
_2LEMB _xEstados financieros |
||
| 942 |
_cBK _2ddc |
||